000 02634cam a2200289 4500500
005 20251228100215.0
041 _afre
042 _adc
100 1 0 _aBert, Jean-François
_eauthor
245 0 0 _aÉléments pour une histoire de la notion de civilisation
260 _c2010.
500 _a12
520 _aRésuméAlors que la partie la plus utilisée de Über den Prozess der Zivilisation est « la civilisation des mœurs » à proprement parler, cet article propose de revenir sur le long chapitre introductif du livre de Norbert Elias qui traite de l’histoire sociale des concepts de culture et de civilisation, concepts fortement marqués par la fragilité historique des différents contextes historiques dans lesquels ces notions s’inscrivent. Avant de comprendre l’originalité de Norbert Elias, il s’agira de préciser les diverses définitions françaises qui, à la fois en histoire et en sociologie, à partir de la fin des années 1920, avec Lucien Febvre et Marcel Mauss, ont donné une seconde vie à la notion de civilisation. Il y a là un premier élément qui permet d’éclairer la réception décalée de ce livre de Norbert Elias, pour la première fois recensé en France dans L’Année sociologique, en 1941, sous la plume de Raymond Aron.
520 _aWhile the part of Über den Prozess der Zivilisation that is the most used is the “civilization of manners” strictly speaking, this article returns to the long introductory chapter of Norbert Elias’ book that deals with the social history of the concepts of culture and civilization, concepts strongly marked by the historical fragility of the various historic contexts in which these notions obtain. Before looking at the originality of Norbert Elias, it is necessary to mention the different French definitions that, as of the 1920s and along with Lucien Febvre and Marcel Mauss, gave new life to the notion of civilization both in history and sociology. This is a first point that illuminates the delayed reception of this book by Norbert Elias, noted for the first time in France in L’Année sociologique, in 1941, written by Raymond Aron.
690 _acivilization
690 _acorps
690 _aethnologie
690 _ahistoire
690 _aNorbert Elias
690 _abody
690 _acivilization
690 _aethnology
690 _ahistory
690 _aNorbert Elias
786 0 _nVingtième Siècle. Revue d'histoire | 106 | 2 | 2010-04-07 | p. 71-80 | 0294-1759
856 4 1 _uhttps://shs.cairn.info/revue-vingtieme-siecle-revue-d-histoire-2010-2-page-71?lang=fr&redirect-ssocas=7080
999 _c1606318
_d1606318